| 000 | 00547nam a22002057a 4500 | ||
|---|---|---|---|
| 003 | OSt | ||
| 005 | 20140310183049.0 | ||
| 008 | 130227t xxu||||| |||| 00| 0 eng d | ||
| 020 | _a9718867007 | ||
| 050 |
_aQL 53 _b.C454 2006 |
||
| 082 |
_aFIL 590.72 _bC454 2006 |
||
| 245 |
_aGeneral Zoology : Laboratory Manual _cChanco, Christine |
||
| 260 |
_aPasay City _bChanco-Buelo Enterprise _c2006 |
||
| 300 |
_a142 p. _c24 cm |
||
| 521 | _aCollege Students | ||
| 526 | _c1210L-1700L | ||
| 541 | _j1 | ||
| 562 | _e1 | ||
| 942 |
_2lcc _cBK _kFIL |
||
| 999 |
_c18625 _d18625 |
||